Women Writers A to Z Quiz Stats

 Plays Quiz not verified by Sporcle

Score 0/26 Timer 08:00
0 Plays Today
First Initial Writer's Name % Correct
DDaphne du Maurier
78.1%
AAnne Bronte
77.1%
VVirginia Woolf
70.8%
MMargaret Atwood
62.5%
ZZora Neale Hurston
60.4%
HHelen Fielding
54.2%
TToni Morrison
54.2%
GGertrude Stein
46.9%
FFlannery O'Connor
44.8%
UUrsula K. Le Guin
44.8%
BBetty Smith
40.6%
IIsak Dinesen
40.6%
WWilla Cather
40.6%
First Initial Writer's Name % Correct
SSylvia Plath
38.5%
CCarson McCullers
37.5%
NNora Ephron
21.9%
OOctavia Butler
19.8%
JJoyce Carol Oates
16.7%
LLouise Erdrich
14.6%
RRita Dove
14.6%
EEudora Welty
12.5%
KKatherine Anne Porter
11.5%
PPhillis Wheatley
8.3%
QQueenie Chan
3.1%
XXiao Hong
3.1%
YYda Addis Storke
3.1%

You're not logged in!

Compare scores with friends on all Sporcle quizzes.
OR
Log In

Show Comments

Extras

Created Oct 27, 2010ReportNominate
Tags:initial, women, writer

Top Quizzes Today


Score Distribution

Your Account Isn't Verified!

In order to create a playlist on Sporcle, you need to verify the email address you used during registration. Go to your Sporcle Settings to finish the process.

Report this User

Report this user for behavior that violates our Community Guidelines.

Details: